000 nam a22 7a 4500
999 _c9737
_d9737
008 180207b ||||| |||| 00| 0 eng d
100 _aSimon
_95841
245 _aDas Alles Hat Gott Gemacht
260 _aUSA
_c1994